000
00296nam a2200109Ia 4500
008
230302s9999 xx 000 0 und d
082
_a
I005.133COH
100
_a
Cohn(Alayna)&Potter(John)
245
_a
HTML user interacting
260
_a
NEW DELHI
_b
UPPER SADDLEPRENTICE HALL
365
_c
RS
999
_c
152939
_d
152939